| 000 | 00399nam a2200169Ia 4500 | ||
|---|---|---|---|
| 001 | 15734 | ||
| 003 | IN-NITTTR | ||
| 005 | 20251114233148.0 | ||
| 008 | 251113s9999||||xx |||||||||||||| ||eng|| | ||
| 040 | _beng | ||
| 040 | _cIN-NITTTR | ||
| 041 | _aeng | ||
| 082 | _a375.001 K32I | ||
| 100 | _aKemp, Jerrold E. | ||
| 245 | 4 |
_aThe instructional design process / _cKemp, Jerrold E. |
|
| 942 |
_2ddc _cBK |
||
| 999 |
_c18368 _d18368 |
||